| 000 | 01137nam a2200301 a 4500 | ||
|---|---|---|---|
| 001 | 000002964 | ||
| 003 | DO-SdBNP | ||
| 005 | 20250320094422.0 | ||
| 008 | 090706s2008 dr a 001 0bspa d | ||
| 020 | _a9789945162325 | ||
| 040 |
_aDO-SdBNP _bspa _cBNPHU |
||
| 049 | _aBNPD | ||
| 082 |
_a923.27293 _bR696n |
||
| 100 | 1 |
_aRodríguez del Prado, Cayetano A., _d1941- _99418 |
|
| 245 | 1 | 0 |
_aNotas autobiográficas : _brecuerdos de la legión olvidada / _cCayetano Rodríguez del Prado ; prólogo César Mella Mejías. |
| 260 |
_aSanto Domingo : _bBúho, _c2008. |
||
| 300 |
_a339 p : _bil. ; _c23 cm. |
||
| 500 | _aIncluye índice onomástico | ||
| 610 | 1 | 4 |
_aMOVIMIENTO POPULAR DOMINICANO _xHISTORIA _99421 |
| 650 | 4 |
_aRodríguez del prado, cayetano a., _d1941- _99419 |
|
| 650 | 4 |
_aRepública dominicana _xHistoria _y1961- _99420 |
|
| 650 | 0 |
_aMovimientos sociales _zRepública Dominicana _923226 _2LEMB |
|
| 651 | 4 |
_aRepública Dominicana _xHistoria _yREVOLUCIÓN 1965 _92167 |
|
| 651 | 4 |
_aCuba _xHistoria _9493 |
|
| 700 | 1 | 2 |
_aMella Mejías, César _d1950- _epról. _9210 |
| 910 | _aValidado. Control de calidad BNPHU | ||
| 942 |
_2ddc _cLBS1 |
||
| 999 |
_c2796 _d2796 |
||